Organizácia a riadenie technickej normalizácie v ZVL Považské strojárne k.p. Považská Bystrica záverečná práca postgraduálneho štúdia

Na minha lista:
Detalhes bibliográficos
Autor principal: Kršík, Jaroslav
Autor Corporativo: Vysoká škola ekonomická v Bratislave
Outros Autores: Jankech, František
Formato: Livro
Idioma:eslovaco
Publicado em: Bratislava 1989
Tags: Adicionar Tag
Sem tags, seja o primeiro a adicionar uma tag!

MARC

LEADER 00000nam a2200000 4500
001 c025746
005 20221215071049.0
041 0 |a slo 
044 |a SK 
245 1 0 |a Organizácia a riadenie technickej normalizácie v ZVL Považské strojárne k.p. Považská Bystrica  |b záverečná práca postgraduálneho štúdia  |c Jaroslav Kršík ; Ved. práce František Jankech 
264 1 |a Bratislava  |c 1989 
300 |a 99 s. 
100 1 |a Kršík, Jaroslav 
700 1 |a Jankech, František 
710 2 |a Vysoká škola ekonomická v Bratislave